| 000 | 01075nam a2200241 i 4500 | ||
|---|---|---|---|
| 001 | 190341 | ||
| 003 | SpMaBN | ||
| 005 | 20240520134853.0 | ||
| 008 | 201111s1976 sp |||| | spa d | ||
| 080 | _a860 Pereda, José María de 1.06 | ||
| 100 | 1 |
_aBonet, Laureano. _930122 |
|
| 245 | 1 | 3 |
_aEl realismo en la novela de José María de Pereda : _b(historia de una frustración literaria) / _cLaureano Bonet Mojica. |
| 260 |
_aBarcelona : _bUniversidad de Barcelona, [Facultad de Filosofía y Letras], _c1976. |
||
| 300 |
_a15 p. ; _c24 cm. |
||
| 502 | _aTesis-Univ. Barcelona (Extracto) | ||
| 594 | _aPrecede al tít.: Universidad de Barcelona. Secretariado de Publicaciones, Intercambio Científico y Extensión Universitaria. | ||
| 600 | 1 | 4 |
_aPereda, José María de, _d1833-1906 _xCrítica e interpretación _990448 |
| 655 |
_aTesis y escritos académicos _9226867 |
||
| 710 | 2 |
_aUniversidad de Barcelona. _bFacultad de Filosofía y Letras. _97149 |
|
| 852 | 4 |
_aES-MaACL _jP-1415 (93) _9197549 _bR-68610 _cDEPO2 |
|
| 942 | _2udc | ||
| 999 |
_c190341 _d190341 |
||